[Event "GRE-chT U16 9th"]
[Site "Thessaloniki"]
[Date "2016.12.17"]
[Round "4.6"]
[White "Karavitaki, Evaggelia"]
[Black "Motsakou, Androniki"]
[Result "1-0"]
[WhiteElo "1583"]
[BlackElo "700"]
[PlyCount "67"]
[EventDate "2016.12.15"]
[EventType "team-swiss"]
[EventRounds "6"]
[EventCountry "GRE"]
[SourceTitle "CBM 176 Extra"]
[Source "ChessBase"]
[SourceDate "2017.03.02"]
[SourceVersion "1"]
[SourceVersionDate "2017.03.02"]
[SourceQuality "1"]
[WhiteTeam "Chanion"]
[BlackTeam "Nikaia Fysiolatris"]
[WhiteTeamCountry "GRE"]
[BlackTeamCountry "GRE"]

1. e4 e5 2. Nf3 Nc6 3. d4 exd4 4. Bc4 Nf6 5. e5 Ne4 6. Qe2 d5 7. exd6 Bf5 8. Nbd2 cxd6 9. Nxe4 Be7 10. Ng3 Bg6 11. 0-0 0-0 12. Bf4 Qd7 13. Qd2 Bf6 14. Rfe1 Rfe8 15. Bd3 Ne7 16. Bxg6 Nxg6 17. Nxd4 Bxd4 18. Qxd4 Qg4 19. Be3 Qd7 20. Rad1 Re6 21. Bd2 Rae8 22. Bc3 f6 23. Rxe6 Rxe6 24. Qxa7 Nf4 25. Qd4 Ng6 26. h3 Qc6 27. Qd5 Qd7 28. Re1 Ne5 29. Bxe5 fxe5 30. Rxe5 Kf8 31. Rxe6 Qc8 32. Qxd6+ Kg8 33. Nf5 h6 34. Ne7+ 1-0

[Event "GRE-chT U16 9th"]
[Site "Thessaloniki"]
[Date "2016.12.16"]
[Round "3.6"]
[White "Motsakou, Androniki"]
[Black "Giannoulaki, Ermofili"]
[Result "0-1"]
[WhiteElo "700"]
[BlackElo "1128"]
[PlyCount "96"]
[EventDate "2016.12.15"]
[EventType "team-swiss"]
[EventRounds "6"]
[EventCountry "GRE"]
[SourceTitle "CBM 176 Extra"]
[Source "ChessBase"]
[SourceDate "2017.03.02"]
[SourceVersion "1"]
[SourceVersionDate "2017.03.02"]
[SourceQuality "1"]
[WhiteTeam "Nikaia Fysiolatris"]
[BlackTeam "Neapolis Sykeon"]
[WhiteTeamCountry "GRE"]
[BlackTeamCountry "GRE"]

1. e4 e5 2. Nf3 d6 3. Bc4 Be7 4. Nc3 Nf6 5. d4 Nbd7 6. Bg5 0-0 7. 0-0 h6 8. Bh4 c6 9. d5 a5 10. a4 Nc5 11. h3 Nfxe4 12. Bxe7 Qxe7 13. Nxe4 Nxe4 14. Re1 Nc5 15. Qd2 Qc7 16. b4 axb4 17. Qxb4 cxd5 18. Red1 dxc4 19. Qxc4 Be6 20. Qh4 Qd8 21. Qb4 Qc7 22. Nd2 Rfd8 23. Nb3 Nxb3 24. cxb3 Rd7 25. Rdc1 Qa5 26. Qa3 Rc7 27. Rd1 Rc6 28. Qb2 Qc3 29. Qxc3 Rxc3 30. Rxd6 Bxb3 31. Ra3 Rxa4 32. Rxa4 Bxa4 33. Rd8+ Kh7 34. Rd5 f6 35. Ra5 Bc6 36. g3 b5 37. Ra2 b4 38. Rb2 b3 39. Kf1 Bd5 40. Ke1 Rc2 41. Rb1 b2 42. Kd1 Rxf2 43. h4 Ba2 44. Rc1 bxc1Q+ 45. Kxc1 Rg2 46. Kd1 Rxg3 47. Kc2 e4 48. Kb2 Bf7 0-1